000 00604nam a2200241Ia 4500
008 210210b2016 xxu||||| |||| 00| 0 eng d
020 _a9788121922203
041 _aeng
082 _a300.72 CAUR
100 _aCAUVERY (R)
245 _aResearch methodology: for students of social sciences
260 _aNew Delhi
_bS. Chand & Co. Ltd.
_c2016
300 _aviii,232
650 _astudents
650 _asocial
650 _asciences
650 _aResearch
650 _amethodology:
650 _afor
690 _aResearch Methodology
700 _aNAYAK (U K Sudha)
906 _a072260
999 _c122341
_d122341